[Event "DVM U10 2016"]
[Site "Magdeburg GER"]
[Date "2016.12.29"]
[Round "6"]
[White "Strzoda, Christian"]
[Black "Zabudkin, David"]
[Result "1-0"]
[Termination "normal"]
[Board "3.3"]
[WhiteElo "849"]
[BlackElo "1114"]
[WhiteClock "00:26:14"]
[BlackClock "00:19:16"]
[WhiteTeam "SC Turm Lüneburg"]
[BlackTeam "SF Brackel"]
[PlyCount "80"]
[WhiteFideId "16218450"]
[BlackFideId "34605975"]
[EventCountry "GER"]
[EventRounds "7"]
[EventType "team-swiss"]
[EventDate "2016.12.27"]

1. d4 {[%clk 0:59:59]} d5 {[%clk 0:59:50]} 2. Bf4 {[%clk 0:59:43]} Nf6 {[%clk
0:59:24]} 3. Nf3 {[%clk 0:59:28]} c5 {[%clk 0:58:57]} 4. c3 {[%clk 0:58:56]}
Nc6 {[%clk 0:58:35]} 5. e3 {[%clk 0:58:39]} Bf5 {[%clk 0:57:34]} 6. Bd3 {[%clk
0:58:18]} e6 {[%clk 0:56:56]} 7. O-O {[%clk 0:57:58]} Bd6 {[%clk 0:56:15]} 8.
Ne5 {[%clk 0:57:08]} cxd4 {[%clk 0:55:43]} 9. exd4 {[%clk 0:56:41]} Qc7 {[%clk
0:54:47]} 10. Re1 {[%clk 0:56:16]} O-O {[%clk 0:54:21]} 11. Qf3 {[%clk
0:55:31]} Ne4 {[%clk 0:51:49]} 12. Qe3 {[%clk 0:54:15]} Nxe5 {[%clk 0:50:57]}
13. dxe5 {[%clk 0:52:27]} Bxe5 {[%clk 0:50:42]} 14. Bg3 {[%clk 0:50:54]} Nxg3
{[%clk 0:46:51]} 15. hxg3 {[%clk 0:50:08]} Bd6 {[%clk 0:46:13]} 16. Nd2 {[%clk
0:48:00]} Bc5 {[%clk 0:45:41]} 17. Qf3 {[%clk 0:47:20]} Bxd3 {[%clk 0:45:03]}
18. Qxd3 {[%clk 0:46:58]} Qb6 {[%clk 0:44:48]} 19. Rf1 {[%clk 0:46:23]} Qxb2
{[%clk 0:43:29]} 20. Nb3 {[%clk 0:44:18]} Qa3 {[%clk 0:42:37]} 21. Rfb1 {[%clk
0:42:45]} Bb6 {[%clk 0:41:22]} 22. Nd4 {[%clk 0:40:43]} Qd6 {[%clk 0:39:43]}
23. a4 {[%clk 0:38:24]} e5 {[%clk 0:38:56]} 24. Nf5 {[%clk 0:37:46]} Qf6 {[%clk
0:38:10]} 25. Qf3 {[%clk 0:36:48]} e4 {[%clk 0:36:55]} 26. Qf4 {[%clk 0:35:58]}
Rac8 {[%clk 0:32:52]} 27. a5 {[%clk 0:35:21]} Bc7 {[%clk 0:31:59]} 28. Qg4
{[%clk 0:34:09]} Be5 {[%clk 0:30:11]} 29. Ra2 {[%clk 0:33:10]} Rc4 {[%clk
0:29:11]} 30. Ne3 {[%clk 0:32:02]} Rxc3 {[%clk 0:28:28]} 31. Nxd5 {[%clk
0:31:48]} Qe6 {[%clk 0:24:16]} 32. Qxe6 {[%clk 0:31:13]} fxe6 {[%clk 0:24:05]}
33. Nxc3 {[%clk 0:31:06]} Bxc3 {[%clk 0:23:56]} 34. Rxb7 {[%clk 0:30:40]} Bd4
{[%clk 0:23:42]} 35. Kh2 {[%clk 0:29:12]} Bxf2 {[%clk 0:22:55]} 36. Rc2 {[%clk
0:28:42]} e3 {[%clk 0:21:51]} 37. Rcc7 {[%clk 0:28:18]} Rd8 {[%clk 0:21:36]}
38. Rc2 {[%clk 0:26:54]} g5 {[%clk 0:20:01]} 39. g4 {[%clk 0:26:27]} Rd1 {[%clk
0:19:16]} 40. Rc8+ {[%clk 0:26:14]} a6 1-0

[Event "DVM U10 2016"]
[Site "Magdeburg GER"]
[Date "2016.12.29"]
[Round "6"]
[White "Kuppe, Eugen"]
[Black "Prieb, Robert"]
[Result "0-1"]
[Termination "normal"]
[Board "4.1"]
[WhiteElo "1184"]
[BlackElo "1554"]
[WhiteClock "00:32:53"]
[BlackClock "00:09:07"]
[WhiteTeam "SV Roter Turm Halle 1"]
[BlackTeam "Schachakademie Paderborn 1"]
[PlyCount "50"]
[BlackFideId "16212002"]
[EventCountry "GER"]
[EventRounds "7"]
[EventType "team-swiss"]
[EventDate "2016.12.27"]

1. c4 {[%clk 0:59:58]} e5 {[%clk 0:59:50]} 2. Nc3 {[%clk 0:59:51]} Nf6 {[%clk
0:59:43]} 3. d3 {[%clk 0:59:40]} d5 {[%clk 0:59:29]} 4. cxd5 {[%clk 0:59:24]}
Nxd5 {[%clk 0:59:15]} 5. g3 {[%clk 0:59:14]} Bb4 {[%clk 0:57:56]} 6. Bd2 {[%clk
0:59:00]} O-O {[%clk 0:56:48]} 7. Bg2 {[%clk 0:58:48]} Be6 {[%clk 0:55:20]} 8.
Qb3 {[%clk 0:57:26]} Ne3 {[%clk 0:46:17]} 9. Qa4 {[%clk 0:55:22]} b5 {[%clk
0:42:58]} 10. Qxb5 {[%clk 0:52:55]} Nxg2+ {[%clk 0:39:14]} 11. Kf1 {[%clk
0:51:17]} Bxc3 {[%clk 0:30:05]} 12. Bxc3 {[%clk 0:50:36]} Bd5 {[%clk 0:28:02]}
13. e4 {[%clk 0:45:00]} c6 {[%clk 0:27:19]} 14. Qb7 {[%clk 0:44:08]} Be6 {[%clk
0:22:13]} 15. Rd1 {[%clk 0:41:50]} Bg4 {[%clk 0:19:30]} 16. Rd2 {[%clk
0:41:30]} Qf6 {[%clk 0:17:21]} 17. Kxg2 {[%clk 0:40:51]} Nd7 {[%clk 0:16:55]}
18. f4 {[%clk 0:39:22]} Rfb8 {[%clk 0:15:28]} 19. Qc7 {[%clk 0:38:01]} Rc8
{[%clk 0:14:43]} 20. Qa5 {[%clk 0:37:41]} c5 {[%clk 0:13:25]} 21. Rf2 {[%clk
0:35:42]} Qd6 {[%clk 0:12:24]} 22. Qb5 {[%clk 0:33:49]} Rcb8 {[%clk 0:11:29]}
23. Qc4 {[%clk 0:33:23]} Nb6 {[%clk 0:10:43]} 24. Qa6 {[%clk 0:33:02]} Nd5
{[%clk 0:09:07]} 25. Qxd6 {[%clk 0:32:53]} Ne3# 0-1

[Event "DVM U10 2016"]
[Site "Magdeburg GER"]
[Date "2016.12.29"]
[Round "6"]
[White "Schneider, Nils"]
[Black "Pietsch, Johann"]
[Result "1-0"]
[Termination "normal"]
[Board "4.2"]
[WhiteElo "1168"]
[BlackElo "1590"]
[WhiteClock "00:12:40"]
[BlackClock "00:34:25"]
[WhiteTeam "Schachakademie Paderborn 1"]
[BlackTeam "SV Roter Turm Halle 1"]
[PlyCount "103"]
[BlackFideId "12987000"]
[EventCountry "GER"]
[EventRounds "7"]
[EventType "team-swiss"]
[EventDate "2016.12.27"]

1. d4 {[%clk 0:59:59]} Nf6 {[%clk 0:59:50]} 2. Nf3 {[%clk 0:59:54]} d5 {[%clk
0:59:39]} 3. Bf4 {[%clk 0:59:43]} Bf5 {[%clk 0:59:32]} 4. e3 {[%clk 0:59:34]}
e6 {[%clk 0:59:07]} 5. c3 {[%clk 0:59:22]} Bd6 {[%clk 0:58:59]} 6. Bxd6 {[%clk
0:59:09]} Qxd6 {[%clk 0:58:50]} 7. Bd3 {[%clk 0:58:47]} Bg6 {[%clk 0:58:43]} 8.
Qe2 {[%clk 0:58:28]} Nbd7 {[%clk 0:58:19]} 9. O-O {[%clk 0:57:51]} O-O {[%clk
0:58:09]} 10. Bxg6 {[%clk 0:56:47]} fxg6 {[%clk 0:57:58]} 11. Nbd2 {[%clk
0:55:58]} Rad8 {[%clk 0:56:43]} 12. e4 {[%clk 0:53:33]} e5 {[%clk 0:54:17]} 13.
exd5 {[%clk 0:52:04]} exd4 {[%clk 0:53:51]} 14. Qe6+ {[%clk 0:49:51]} Kh8
{[%clk 0:52:35]} 15. Qxd6 {[%clk 0:49:05]} cxd6 {[%clk 0:52:19]} 16. Nxd4
{[%clk 0:48:39]} Nxd5 {[%clk 0:52:04]} 17. Ne6 {[%clk 0:48:19]} Nc5 {[%clk
0:50:59]} 18. Nxd8 {[%clk 0:46:36]} Rxd8 {[%clk 0:50:48]} 19. Nb3 {[%clk
0:44:40]} Ne6 {[%clk 0:49:41]} 20. g3 {[%clk 0:43:22]} Rf8 {[%clk 0:47:53]} 21.
Rad1 {[%clk 0:41:53]} Nec7 {[%clk 0:47:26]} 22. c4 {[%clk 0:39:18]} Nb6 {[%clk
0:46:23]} 23. c5 {[%clk 0:37:18]} dxc5 {[%clk 0:45:50]} 24. Nxc5 {[%clk
0:35:48]} Nc4 {[%clk 0:44:07]} 25. b3 {[%clk 0:34:23]} b6 {[%clk 0:41:47]} 26.
Nd7 {[%clk 0:32:46]} Rd8 {[%clk 0:40:22]} 27. Nxb6 {[%clk 0:31:39]} Nd6 {[%clk
0:38:30]} 28. Nc4 {[%clk 0:30:01]} Ncb5 {[%clk 0:37:49]} 29. Nxd6 {[%clk
0:29:20]} Rxd6 {[%clk 0:37:37]} 30. Rxd6 {[%clk 0:29:13]} Nxd6 {[%clk 0:37:33]}
31. Rd1 {[%clk 0:29:04]} Nf7 {[%clk 0:37:28]} 32. Rd7 {[%clk 0:28:47]} Kg8
{[%clk 0:37:20]} 33. Rxa7 {[%clk 0:28:37]} Kf8 {[%clk 0:37:16]} 34. a4 {[%clk
0:27:32]} Nd6 {[%clk 0:37:08]} 35. Kg2 {[%clk 0:25:58]} Ne4 {[%clk 0:36:58]}
36. Kf3 {[%clk 0:25:42]} Nd2+ {[%clk 0:36:50]} 37. Ke3 {[%clk 0:24:49]} Nxb3
{[%clk 0:36:45]} 38. Kd3 {[%clk 0:24:29]} Nc1+ {[%clk 0:36:39]} 39. Kc4 {[%clk
0:23:23]} Ne2 {[%clk 0:36:31]} 40. a5 {[%clk 0:22:00]} Ng1 {[%clk 0:36:14]} 41.
a6 {[%clk 0:21:44]} Nf3 {[%clk 0:36:08]} 42. Kd5 {[%clk 0:21:07]} Ng5 {[%clk
0:35:56]} 43. Rb7 {[%clk 0:20:35]} Nf7 {[%clk 0:35:50]} 44. Rxf7+ {[%clk
0:20:16]} Kxf7 {[%clk 0:35:46]} 45. a7 {[%clk 0:20:08]} Kf6 {[%clk 0:35:39]}
46. a8=Q {[%clk 0:19:53]} Kg5 {[%clk 0:35:35]} 47. Qf8 {[%clk 0:19:20]} Kh6
{[%clk 0:35:27]} 48. Qf4+ {[%clk 0:18:01]} g5 {[%clk 0:35:19]} 49. Qd6+ {[%clk
0:16:49]} Kh5 {[%clk 0:35:11]} 50. h4 {[%clk 0:14:02]} g6 {[%clk 0:34:50]} 51.
Qe7 {[%clk 0:12:40]} gxh4 {[%clk 0:34:25]} 52. Qxh4# 1-0

[Event "DVM U10 2016"]
[Site "Magdeburg GER"]
[Date "2016.12.29"]
[Round "6"]
[White "Adelmeyer, Nelly"]
[Black "Yin, Haode"]
[Result "0-1"]
[Termination "normal"]
[Board "4.3"]
[WhiteElo "1144"]
[BlackElo "1352"]
[WhiteClock "00:00:07"]
[BlackClock "00:27:15"]
[WhiteTeam "SV Roter Turm Halle 1"]
[BlackTeam "Schachakademie Paderborn 1"]
[PlyCount "96"]
[WhiteFideId "16203577"]
[BlackFideId "16261348"]
[EventCountry "GER"]
[EventRounds "7"]
[EventType "team-swiss"]
[EventDate "2016.12.27"]

1. e4 {[%clk 0:59:58]} e6 {[%clk 0:59:50]} 2. d4 {[%clk 0:59:49]} d5 {[%clk
0:59:40]} 3. exd5 {[%clk 0:59:40]} exd5 {[%clk 0:59:35]} 4. Bd3 {[%clk
0:59:12]} Bd6 {[%clk 0:59:27]} 5. Qe2+ {[%clk 0:58:37]} Ne7 {[%clk 0:58:23]} 6.
Nf3 {[%clk 0:58:16]} Bg4 {[%clk 0:58:06]} 7. O-O {[%clk 0:56:59]} Nbc6 {[%clk
0:56:37]} 8. h3 {[%clk 0:55:26]} Nxd4 {[%clk 0:55:59]} 9. Qe3 {[%clk 0:53:58]}
Nxf3+ {[%clk 0:54:02]} 10. gxf3 {[%clk 0:53:36]} Bxh3 {[%clk 0:53:55]} 11. Re1
{[%clk 0:53:17]} Qd7 {[%clk 0:51:16]} 12. Qg5 {[%clk 0:48:46]} O-O-O {[%clk
0:50:50]} 13. Kh1 {[%clk 0:40:16]} Nf5 {[%clk 0:47:00]} 14. Qh5 {[%clk
0:29:32]} g6 {[%clk 0:46:54]} 15. Bxf5 {[%clk 0:25:39]} Qxf5 {[%clk 0:46:18]}
16. Qxf5+ {[%clk 0:25:25]} Bxf5 {[%clk 0:46:10]} 17. Nc3 {[%clk 0:23:15]} c6
{[%clk 0:45:30]} 18. Bg5 {[%clk 0:21:19]} Rde8 {[%clk 0:45:10]} 19. Bf6 {[%clk
0:20:23]} Rhg8 {[%clk 0:44:54]} 20. Rac1 {[%clk 0:18:22]} Kd7 {[%clk 0:43:39]}
21. Ne2 {[%clk 0:16:15]} Be7 {[%clk 0:42:15]} 22. Bd4 {[%clk 0:14:46]} Bd8
{[%clk 0:41:30]} 23. Bxa7 {[%clk 0:13:33]} b6 {[%clk 0:41:26]} 24. a4 {[%clk
0:12:38]} Bc7 {[%clk 0:39:56]} 25. a5 {[%clk 0:12:07]} bxa5 {[%clk 0:39:53]}
26. Bc5 {[%clk 0:11:30]} g5 {[%clk 0:37:35]} 27. Nd4 {[%clk 0:10:20]} Be6
{[%clk 0:35:14]} 28. Nxe6 {[%clk 0:07:42]} Rxe6 {[%clk 0:34:41]} 29. Rxe6
{[%clk 0:06:53]} fxe6 {[%clk 0:34:33]} 30. Rg1 {[%clk 0:06:28]} h6 {[%clk
0:34:25]} 31. Be3 {[%clk 0:05:59]} e5 {[%clk 0:34:07]} 32. Kg2 {[%clk 0:04:21]}
Ke6 {[%clk 0:33:07]} 33. Kh3 {[%clk 0:03:36]} Rf8 {[%clk 0:32:09]} 34. Kg4
{[%clk 0:03:12]} Kf6 {[%clk 0:31:04]} 35. c3 {[%clk 0:02:44]} Kg6 {[%clk
0:30:50]} 36. Bc5 {[%clk 0:02:08]} Rb8 {[%clk 0:30:14]} 37. b4 {[%clk 0:01:48]}
d4 {[%clk 0:29:00]} 38. cxd4 {[%clk 0:00:51]} exd4 {[%clk 0:28:53]} 39. Bxd4
{[%clk 0:00:24]} Rxb4 {[%clk 0:28:46]} 40. Rd1 {[%clk 0:00:20]} Bb6 {[%clk
0:28:42]} 41. Kg3 {[%clk 0:00:16]} Rxd4 {[%clk 0:28:31]} 42. Rxd4 {[%clk
0:00:15]} Bxd4 {[%clk 0:28:22]} 43. f4 {[%clk 0:00:14]} gxf4+ {[%clk 0:28:08]}
44. Kxf4 {[%clk 0:00:11]} a4 {[%clk 0:28:00]} 45. Ke4 {[%clk 0:00:11]} a3
{[%clk 0:27:48]} 46. Kxd4 {[%clk 0:00:10]} a2 {[%clk 0:27:41]} 47. Ke4 {[%clk
0:00:08]} a1=Q {[%clk 0:27:32]} 48. Kf3 {[%clk 0:00:07]} Qe5 {[%clk 0:27:15]}
0-1

[Event "DVM U10 2016"]
[Site "Magdeburg GER"]
[Date "2016.12.29"]
[Round "6"]
[White "Brinkschröder, Josh"]
[Black "Kageler, Anton Paul"]
[Result "1/2-1/2"]
[Termination "normal"]
[Board "4.4"]
[WhiteElo "1139"]
[BlackElo "911"]
[WhiteClock "00:30:40"]
[BlackClock "00:36:40"]
[WhiteTeam "Schachakademie Paderborn 1"]
[BlackTeam "SV Roter Turm Halle 1"]
[PlyCount "57"]
[WhiteFideId "16274903"]
[BlackFideId "16244850"]
[EventCountry "GER"]
[EventRounds "7"]
[EventType "team-swiss"]
[EventDate "2016.12.27"]

1. d4 {[%clk 0:59:58]} Nf6 {[%clk 0:59:52]} 2. Nf3 {[%clk 0:59:49]} d5 {[%clk
0:59:34]} 3. Bf4 {[%clk 0:59:40]} Bf5 {[%clk 0:59:22]} 4. e3 {[%clk 0:59:31]}
e6 {[%clk 0:59:05]} 5. c3 {[%clk 0:59:11]} Bd6 {[%clk 0:58:56]} 6. Bg3 {[%clk
0:59:04]} Bxg3 {[%clk 0:58:28]} 7. hxg3 {[%clk 0:58:56]} Nbd7 {[%clk 0:58:08]}
8. Bd3 {[%clk 0:58:23]} Bg4 {[%clk 0:57:20]} 9. Be2 {[%clk 0:57:42]} O-O {[%clk
0:56:14]} 10. Ne5 {[%clk 0:56:52]} Bxe2 {[%clk 0:55:48]} 11. Qxe2 Qe7 {[%clk
0:55:03]} 12. Ng4 {[%clk 0:55:33]} Nxg4 {[%clk 0:54:32]} 13. Qxg4 {[%clk
0:55:23]} Nf6 {[%clk 0:54:19]} 14. Qe2 {[%clk 0:54:50]} b6 {[%clk 0:52:47]} 15.
Nd2 {[%clk 0:53:50]} c5 {[%clk 0:52:16]} 16. Qd3 {[%clk 0:53:00]} c4 {[%clk
0:51:39]} 17. Qc2 {[%clk 0:52:34]} a5 {[%clk 0:50:16]} 18. b3 b5 19. Nf3 {[%clk
0:49:22]} g6 {[%clk 0:49:05]} 20. Ng5 {[%clk 0:46:55]} Kg7 {[%clk 0:46:14]} 21.
f3 {[%clk 0:42:31]} a4 {[%clk 0:42:25]} 22. b4 {[%clk 0:41:30]} Rh8 {[%clk
0:41:00]} 23. e4 {[%clk 0:39:26]} dxe4 {[%clk 0:40:27]} 24. Nxe4 {[%clk
0:39:07]} e5 {[%clk 0:39:48]} 25. Kf2 {[%clk 0:37:11]} exd4 {[%clk 0:39:31]}
26. cxd4 {[%clk 0:36:52]} Qxb4 {[%clk 0:38:54]} 27. Rab1 {[%clk 0:35:31]} Qa5
{[%clk 0:38:35]} 28. Nc3 {[%clk 0:30:40]} Rab8 {[%clk 0:36:40]} 29. Qb2 1/2-1/2

[Event "DVM U10 2016"]
[Site "Magdeburg GER"]
[Date "2016.12.29"]
[Round "6"]
[White "Pixa, Karl"]
[Black "Brunner, Alexander"]
[Result "0-1"]
[Termination "normal"]
[Board "5.1"]
[WhiteElo "1195"]
[BlackElo "1348"]
[WhiteClock "00:03:34"]
[BlackClock "00:14:35"]
[WhiteTeam "SV Dresden-Striesen"]
[BlackTeam "Hagener SV 1"]
[PlyCount "79"]
[WhiteFideId "16240480"]
[BlackFideId "12965278"]
[EventCountry "GER"]
[EventRounds "7"]
[EventType "team-swiss"]
[EventDate "2016.12.27"]

1. d4 {[%clk 0:59:42]} e5 {[%clk 0:59:39]} 2. c4 {[%clk 0:59:22]} e4 {[%clk
0:58:56]} 3. Nc3 {[%clk 0:58:32]} f5 {[%clk 0:57:37]} 4. f3 {[%clk 0:57:54]}
Bd6 {[%clk 0:56:16]} 5. fxe4 {[%clk 0:54:08]} Qh4+ {[%clk 0:56:04]} 6. Kd2
{[%clk 0:51:08]} fxe4 {[%clk 0:55:03]} 7. Qe1 {[%clk 0:49:51]} e3+ {[%clk
0:53:46]} 8. Kd1 {[%clk 0:49:07]} Qxd4+ {[%clk 0:53:28]} 9. Kc2 {[%clk
0:47:23]} Nc6 {[%clk 0:52:45]} 10. a3 {[%clk 0:46:56]} Bf4 {[%clk 0:50:26]} 11.
Qh4 {[%clk 0:43:51]} d6 {[%clk 0:49:49]} 12. Qh5+ {[%clk 0:41:59]} g6 {[%clk
0:49:18]} 13. Qd5 {[%clk 0:41:46]} Bf5+ {[%clk 0:48:54]} 14. Kb3 {[%clk
0:39:21]} Qb6+ {[%clk 0:48:42]} 15. Ka2 {[%clk 0:35:25]} Nd4 {[%clk 0:45:42]}
16. b4 {[%clk 0:32:18]} Nc2 {[%clk 0:43:09]} 17. Qb5+ {[%clk 0:30:37]} c6
{[%clk 0:41:57]} 18. Qxb6 {[%clk 0:29:41]} axb6 {[%clk 0:40:43]} 19. Bb2 {[%clk
0:27:36]} Nxa1 {[%clk 0:39:20]} 20. Kxa1 {[%clk 0:27:05]} Ne7 {[%clk 0:38:41]}
21. Nd5 {[%clk 0:23:34]} Nxd5 {[%clk 0:35:18]} 22. Bxh8 {[%clk 0:22:47]} Nxb4
{[%clk 0:34:53]} 23. g3 {[%clk 0:21:54]} Nc2+ {[%clk 0:33:46]} 24. Kb2 {[%clk
0:20:58]} Be5+ {[%clk 0:33:36]} 25. Bxe5 {[%clk 0:20:49]} dxe5 {[%clk 0:33:30]}
26. Nf3 {[%clk 0:19:37]} Nxa3 {[%clk 0:32:37]} 27. Nxe5 {[%clk 0:19:22]} b5
{[%clk 0:31:56]} 28. cxb5 {[%clk 0:18:44]} Nxb5 {[%clk 0:30:49]} 29. Bg2 {[%clk
0:17:58]} Nd4 {[%clk 0:30:28]} 30. Re1 {[%clk 0:17:14]} Ra5 {[%clk 0:30:09]}
31. Nc4 {[%clk 0:16:51]} Rb5+ {[%clk 0:29:35]} 32. Kc3 {[%clk 0:15:45]} Nc2
{[%clk 0:24:30]} 33. Rf1 {[%clk 0:13:14]} Rc5 {[%clk 0:22:47]} 34. Kb3 {[%clk
0:10:29]} Nd4+ {[%clk 0:20:56]} 35. Kb4 {[%clk 0:09:19]} Rb5+ {[%clk 0:20:38]}
36. Ka3 {[%clk 0:09:02]} Nc2+ {[%clk 0:16:00]} 37. Ka2 {[%clk 0:04:35]} Ke7
{[%clk 0:15:19]} 38. Bf3 {[%clk 0:03:34]} Be6 {[%clk 0:14:35]} 39. Bd5 Bxd5 40.
Rf4 0-1

[Event "DVM U10 2016"]
[Site "Magdeburg GER"]
[Date "2016.12.29"]
[Round "6"]
[White "Schlie, Johann"]
[Black "Klose, Christopher"]
[Result "1/2-1/2"]
[Termination "normal"]
[Board "5.2"]
[WhiteElo "1368"]
[BlackElo "938"]
[WhiteClock "00:07:16"]
[BlackClock "00:15:55"]
[WhiteTeam "Hagener SV 1"]
[BlackTeam "SV Dresden-Striesen"]
[PlyCount "131"]
[WhiteFideId "16211596"]
[EventCountry "GER"]
[EventRounds "7"]
[EventType "team-swiss"]
[EventDate "2016.12.27"]

1. d4 {[%clk 0:59:55]} d5 {[%clk 0:59:58]} 2. Bf4 {[%clk 0:59:27]} Nc6 {[%clk
0:59:38]} 3. Nf3 {[%clk 0:59:04]} Bf5 {[%clk 0:59:23]} 4. e3 {[%clk 0:58:35]}
a6 {[%clk 0:59:10]} 5. Bd3 {[%clk 0:57:22]} Bxd3 {[%clk 0:58:45]} 6. Qxd3
{[%clk 0:57:11]} e6 {[%clk 0:58:04]} 7. a3 {[%clk 0:56:36]} Bd6 {[%clk
0:57:26]} 8. Bg3 {[%clk 0:56:01]} Nf6 {[%clk 0:56:40]} 9. Nbd2 {[%clk 0:54:49]}
Qd7 {[%clk 0:55:49]} 10. c4 {[%clk 0:54:09]} O-O-O {[%clk 0:54:46]} 11. Rc1
{[%clk 0:52:29]} Be7 {[%clk 0:53:34]} 12. Ne5 {[%clk 0:51:40]} Nxe5 {[%clk
0:52:43]} 13. Bxe5 {[%clk 0:51:26]} Bd6 {[%clk 0:51:52]} 14. Nf3 {[%clk
0:49:06]} Bxe5 {[%clk 0:50:28]} 15. Nxe5 {[%clk 0:48:54]} Qe7 {[%clk 0:49:51]}
16. O-O {[%clk 0:48:14]} Ne4 {[%clk 0:49:02]} 17. cxd5 {[%clk 0:45:30]} exd5
{[%clk 0:48:42]} 18. f3 {[%clk 0:44:48]} Nd6 {[%clk 0:47:51]} 19. Rc5 {[%clk
0:43:07]} f6 {[%clk 0:47:23]} 20. Ng4 {[%clk 0:42:10]} Nc4 {[%clk 0:45:54]} 21.
Qc3 {[%clk 0:37:43]} b6 {[%clk 0:45:14]} 22. Rxc4 {[%clk 0:36:52]} dxc4 {[%clk
0:44:54]} 23. Qxc4 {[%clk 0:36:40]} Rd7 {[%clk 0:44:02]} 24. Qxa6+ {[%clk
0:36:15]} Kb8 {[%clk 0:43:12]} 25. Qd3 {[%clk 0:35:40]} h5 {[%clk 0:41:45]} 26.
Nf2 {[%clk 0:35:19]} Re8 {[%clk 0:41:14]} 27. Re1 {[%clk 0:35:04]} c5 {[%clk
0:40:16]} 28. d5 {[%clk 0:34:03]} Red8 {[%clk 0:38:43]} 29. e4 {[%clk 0:33:34]}
Qe5 {[%clk 0:38:15]} 30. Qc3 {[%clk 0:32:13]} Qe7 {[%clk 0:36:39]} 31. Nd3
{[%clk 0:30:09]} Rc8 {[%clk 0:35:45]} 32. Nf4 {[%clk 0:29:12]} Qe8 {[%clk
0:35:03]} 33. Qb3 {[%clk 0:28:12]} Kb7 {[%clk 0:34:33]} 34. Ne6 {[%clk
0:27:31]} Rd6 {[%clk 0:33:20]} 35. e5 {[%clk 0:25:32]} c4 {[%clk 0:32:26]} 36.
Qd1 {[%clk 0:25:02]} c3 {[%clk 0:30:46]} 37. bxc3 {[%clk 0:24:35]} Rxe6 {[%clk
0:30:00]} 38. dxe6 {[%clk 0:24:05]} Qxe6 {[%clk 0:29:20]} 39. exf6 {[%clk
0:23:46]} Qxf6 40. Qd7+ Rc7 {[%clk 0:27:31]} 41. Qd5+ {[%clk 0:22:14]} Rc6
{[%clk 0:26:35]} 42. Rc1 {[%clk 0:21:09]} Kc7 {[%clk 0:25:52]} 43. Qd3 {[%clk
0:20:04]} Qe7 {[%clk 0:24:36]} 44. Rd1 {[%clk 0:19:01]} Qe6 {[%clk 0:23:10]}
45. Qd8+ {[%clk 0:18:14]} Kb7 {[%clk 0:21:49]} 46. Qd7+ {[%clk 0:16:15]} Qxd7
{[%clk 0:21:48]} 47. Rxd7+ {[%clk 0:16:04]} Ka6 {[%clk 0:21:43]} 48. Rxg7
{[%clk 0:15:31]} Rxc3 {[%clk 0:21:41]} 49. a4 {[%clk 0:14:16]} Ka5 {[%clk
0:21:20]} 50. f4 {[%clk 0:13:51]} Kxa4 {[%clk 0:20:40]} 51. f5 {[%clk 0:13:43]}
Rc8 {[%clk 0:20:14]} 52. f6 {[%clk 0:13:30]} Rf8 {[%clk 0:19:59]} 53. f7 {[%clk
0:12:51]} b5 {[%clk 0:19:56]} 54. g4 {[%clk 0:12:30]} hxg4 {[%clk 0:19:39]} 55.
Rxg4+ {[%clk 0:12:24]} b4 {[%clk 0:19:29]} 56. Rf4 {[%clk 0:11:34]} Ka3 {[%clk
0:19:18]} 57. h4 {[%clk 0:11:21]} b3 {[%clk 0:19:11]} 58. Rf1 {[%clk 0:11:04]}
Ka2 {[%clk 0:19:00]} 59. Rf2+ {[%clk 0:10:15]} b2 {[%clk 0:18:51]} 60. Kh2
{[%clk 0:09:57]} Ka1 {[%clk 0:18:35]} 61. Rxb2 {[%clk 0:08:22]} Kxb2 {[%clk
0:18:15]} 62. Kg3 {[%clk 0:08:05]} Rxf7 63. Kg4 Rg7+ {[%clk 0:17:10]} 64. Kf5
{[%clk 0:07:42]} Kc3 {[%clk 0:16:53]} 65. h5 {[%clk 0:07:25]} Kd4 {[%clk
0:15:55]} 66. h6 {[%clk 0:07:16]} 1/2-1/2